Statistics for Indiana Pacers: Most 3-PT FGs Each Year

Click here to take the quiz!

General Stats

  • This quiz has been taken 62 times
    (7 since last reset)
  • The average score is 27 of 42

Answer Stats

YearPlayer3-PT FGs% Correct
2000-2001Reggie Miller170
100%
1993-1994Reggie Miller123
100%
2003-2004Reggie Miller134
100%
2002-2003Reggie Miller113
100%
2001-2002Reggie Miller180
100%
1999-2000Reggie Miller165
100%
1998-1999Reggie Miller106
100%
1997-1998Reggie Miller164
100%
1996-1997Reggie Miller229
100%
1995-1996Reggie Miller168
100%
1994-1995Reggie Miller195
100%
1992-1993Reggie Miller167
100%
1990-1991Reggie Miller112
100%
1989-1990Reggie Miller150
100%
1988-1989Reggie Miller98
100%
1987-1988Reggie Miller61
100%
2017-2018Victor Oladipo161
100%
2012-2013Paul George170
86%
2013-2014Paul George182
86%
2015-2016Paul George210
86%
2016-2017Paul George195
86%
2011-2012Danny Granger123
57%
2007-2008Danny Granger171
57%
2010-2011Danny Granger157
57%
2019-2020Justin Holiday134
57%
2009-2010Danny Granger158
57%
2008-2009Danny Granger182
57%
2020-2021*Justin Holiday127
57%
2006-2007Danny Granger110
57%
2005-2006Stephen Jackson117
57%
2004-2005Stephen Jackson103
57%
1991-1992Chuck Person132
43%
1986-1987Chuck Person49
43%
2018-2019Bojan Bogdanovic164
29%
2014-2015C.J. Miles154
14%
1980-1981Don Buse19
0%
1985-1986Terrence Stansbury9
0%
1984-1985Jerry Sichting9
0%
1983-1984Butch Carter15
0%
1982-1983Butch Carter17
0%
1981-1982Don Buse73
0%
1979-1980Joe Hassett69
0%

Score Distribution

Percentile by Number Answered

Percent of People with Each Score

Your Score History

You have not taken this quiz since the last reset